书目信息 |
| 题名: |
《大学英语》(修订本)精读教案 第三册
|
|
| 作者: | 夏纪梅 主编 | |
| 分册: | 第三册 | |
| 出版信息: | 上海 上海外语教育出版社 1998.02 |
|
| 页数: | 219页 | |
| 开本: | 20cm | |
| 丛书名: | ||
| 单 册: | ||
| 中图分类: | H319.4-42 | |
| 科图分类: | 41.68 | |
| 主题词: | 英语-教案(教育)--高等学校 , 教案(教育)-英语--高等学校 | |
| 电子资源: | ||
| ISBN: | 7-81046-474-4 | |
| 000 | 00806nam0 2200241 45 | |
| 001 | 0199027720 | |
| 005 | 20041202104030.59 | |
| 010 | @a7-81046-474-4@dCNY 9.60 | |
| 100 | @a19990424d1998 em y0chiy0121 ea | |
| 101 | 0 | @achi@aeng |
| 102 | @aCN@b310000 | |
| 105 | @ay z 000yy | |
| 200 | 12 | @a《大学英语》(修订本)精读教案 第三册@A《da xue ying yu》(xiu ding ben)jing du jiao an di san ce@h第三册@f夏纪梅主编 |
| 210 | @a上海@c上海外语教育出版社@d1998.02 | |
| 215 | @a219页@d20cm | |
| 510 | 1 | @aCollege English(revised edition) intensive reading teacher's manual@zeng |
| 606 | @a英语-教案(教育)@x高等学校 | |
| 606 | @a教案(教育)-英语@x高等学校 | |
| 690 | @aH319.4-42@v3 | |
| 692 | @a41.68@v2 | |
| 701 | 0 | @a夏纪梅@Axia ji mei@4主编 |
| 801 | 0 | @aCN@bNLC@c20041202 |
| 905 | @a10447@dH319.4-42@eX186:3 | |
| 《大学英语》(修订本)精读教案 第三册.第三册/夏纪梅主编.-上海:上海外语教育出版社,1998.02 |
| 219页;20cm |
| ISBN 7-81046-474-4:CNY 9.60 |
| ● |
| 相关链接 |
|
|
|
正题名:《大学英语》(修订本)精读教案 第三册
索取号:H319.4-42/X186:3
 
预约/预借
| 序号 | 登录号 | 条形码 | 馆藏地/架位号 | 状态 | 备注 |
| 1 | 429505 | 204295057 | 语言库209/209语言库 51排4列3层/ [索取号:H319.4-42/X186:3] | 在馆 | |
| 2 | 429506 | 204295066 | 语言库209/209语言库 51排4列3层/ [索取号:H319.4-42/X186:3] | 在馆 | |
| 3 | 429507 | 204295075 | 语言库209/209语言库 51排4列3层/ [索取号:H319.4-42/X186:3] | 在馆 |